| 000 | 00991nam a2200181 i 4500 | ||
|---|---|---|---|
| 001 | 102086 | ||
| 003 | ES-MaACL | ||
| 005 | 20230906183036.0 | ||
| 007 | t| | ||
| 008 | 180530s1913 sp ||||1| spa d | ||
| 245 | 0 | 0 | _aBreve reseña de la organización militar de España con un conciso relato de los servicios encomendados a las distintas armas y cuerpos del Ejército, seguida de algunos datos y estados sobre perfeccionamiento de dichos servicios, del material y construcciones a cargo del ramo de Guerra, y a la que se acompoñan algunos datos de ejércitos extranjeros sobre cartografía, sueldos de generales, jefes y oficiales y coste del soldado a pie de guerra. |
| 260 |
_aMadrid : _b[s.n.], _c1913 ( _fTalleres del Depósito de la Guerra) |
||
| 300 |
_a76 p. ; _c26 cm. |
||
| 594 | _aPrecede al tít.: Ministerio de la Guerra. | ||
| 650 | 4 |
_aAdministración militar- _zEspaña. _9164825 |
|
| 710 | 1 |
_aEspaña. _bMinisterio de la Guerra. _93906 |
|
| 852 |
_aES-MaACL _jC-23756(11) |
||
| 999 |
_c102086 _d102086 |
||